| 000 | 00797nam a2200253 a 4500 | ||
|---|---|---|---|
| 003 | OSt | ||
| 005 | 20130705175221.0 | ||
| 008 | 130705s1998 sz ||||| |||| 00| 0 spa d | ||
| 020 | _a92 4 320874 8 | ||
| 040 | _cBiblioteca Medicina | ||
| 041 | _aspa | ||
| 082 | _aOMS IT 874 | ||
| 110 |
_aOrganizacion Mundial de la Salud _91006 |
||
| 245 | 0 | 0 | _aComite de Expertos de la OMS en lepra |
| 250 | _a1° ed. | ||
| 260 |
_aGinebra _bOrganizacion Mundial de la Salud _c1998 |
||
| 300 | _a47 p. | ||
| 440 | 0 | 0 |
_aInformes Tecnicos _n874 _92507 |
| 653 | _aLEPRA-PREVENCION Y CONTROL | ||
| 653 | _aLEPRA-TERAPIA | ||
| 653 | _aLEPRA-EPIDEMIOLOGIA | ||
| 942 |
_2ddc _cPH |
||
| 952 |
_w2013-07-05 _pH0094 _r2013-07-05 _40 _00 _bBFM _10 _oOMS IT 874 _d2013-07-05 _tEj. 1 _8NFIC _70 _cCR _2ddc _yPH _aBFM |
||
| 999 |
_c1574 _d1574 |
||